Culture Générale - Série 2417 - Statistiques

Statistiques générales
  • Ce quiz a été pris 127 fois
  • Le résultat moyen est 5 sur 10
Statistiques - réponses
Question Réponse % Correct
En boxe, quel anglicisme désigne un coup porté de bas en haut ? uppercut
91%
Quel anglicisme désigne une nouvelle sensationnelle donnée en exclusivité par une agence de presse, un journal ? scoop
72%
Quel nom porte les chutes d'eau qui délimitent la frontière entre la Zambie et le Zimbabwe ? Victoria
71%
Dans quel état des Etats Unis sont implantés les cadiens (en anglais : cajuns) ? Louisiane
66%
Familièrement, c'est "tomber, dégringoler" - 10 lettres commençant par " v " valdinguer
54%
Ce nom désigne un état des Etats Unis et un affluent de la Loire. Maine
49%
Film réalisé par Niki Caro en 2020 - remake du film d'animation du même nom sorti en 1998 - inspiré d'une légende chinoise . Mulan
32%
Ébahi, stupéfait.- 7 lettres commençant et finissant par " é " éberlué
28%
Quel sont les prénom et nom de l'actrice dont les parents se prénomment Hippolyte et Isabel ? Elle incarne Eve dans le film "Cinquième set" de Quentin Reynaud - voir photo Ana Girardot
11%
Quel est le prénom du compositeur Cerrone reconnu comme l'un des piliers du disco en France et aux États-Unis ? tube : "give me love" Marc
9%
Aucun quiz correspondant
Distribution des résultats
% des personnes avec chaque résultat
Percentile par nombre de réponses
Votre historique - résultats
Vous n’avez pas pris ce quiz